02462cam a22002775a 45000010009000000050017000090080041000260200029000670400028000960820022001242450060001462600057002063000046002634900044003095000024003535040041003775201467004186500036018856510010019216530029019316550024019607000025019849420022020099990017020319520136020481826796520201128021301.0140814t2015 flua frb 001 0 eng d a9781466597693 (hardback) aDLCbengcDLCdEG-ScBUE04a629.2293bADV22200aAdvanced electric drive vehicles /c[editor] Ali Emadi. aBoca Raton :bCRC Press / Taylor & Francis,cc.2015. axiv, 602 p. :bill.(some color) ;c26 cm.0 aEnergy, power electronics, and machines aIndex : p. 587-602. aIncludes bibliographical references. a"Preface Electrification is an evolving paradigm shift in the transportation industry toward more efficient, higher performance, safer, smarter, and more reliable vehicles. There is in fact a clear trend to shift from internal combustion engines (ICEs) to more integrated electrified powertrains. Non-propulsion loads, such as power steering and air-conditioning systems, are also being electrified. Electrified vehicles include more electric vehicles (MEVs), hybrid electric vehicles (HEVs), plug-in hybrid electric vehicles (PHEVs), range-extended electric vehicles (REEVs), and all electric vehicles (EVs) including battery electric vehicles (BEVs) and fuel cell vehicles (FCVs). This book begins with an introduction to the automotive industry and explains the need for electrification in Chapter 1. Parallels with other industries such as the telecommunications industry are highlighted. Chapter 1 also explains how the paradigm shift began with MEVs, was established by HEVs, is gaining momentum by PHEVs and REEVs, and will be completed by EVs. Chapters 2 and 3 present the fundamentals of conventional vehicles and ICEs, respectively. Chapters 4 through 7 focus on the major components of electrified vehicles including power electronic converters, electric machines, electric motor controllers, and energy storage systems. Chapter 8 introduces hybrid battery/ultra-capacitor energy storage systems with applications in advanced electric drive vehicles." 0aElectric vehicles.2BUEsh93080 2BUEsh bENGGENbENGELCcJune2015 vreading book9342321 aEmadi, Ali,eeditor. 2ddck629.2293 ADV c19553d19525 00102ddc40708BaccahaMAINbMAINc1STd2015-06-10epurchasel2m19o629.2293 ADVp000038471r2025-07-15 00:00:00s2019-11-20yBB